Marriage and family in the plan of god : (Record no. 95007)

MARC details
000 -LEADER
fixed length control field 00684nam a22002177a 4500
005 - DATE AND TIME OF LATEST TRANSACTION
control field 20150908150048.0
010 ## - LCCN (DPL NO)
LC control number ENG-113512
020 ## - INTERNATIONAL STANDARD BOOK NUMBER
Terms of availability 590.00
International Standard Book Number 9789351480242
020 ## - INTERNATIONAL STANDARD BOOK NUMBER
Terms of availability 590.00
International Standard Book Number 9351480240
035 ## - SYSTEM CONTROL NUMBER
System control number EN-97044
037 ## - SOURCE OF ACQUISITION
Source of stock number/acquisition DBAD/PUB
082 ## - DEWEY DECIMAL CLASSIFICATION NUMBER
Classification number 280
245 ## - TITLE STATEMENT
Title Marriage and family in the plan of god :
Statement of responsibility, etc edited by L. Sahayaraj
Remainder of title refiections of Saint John Paul II /
260 ## - PUBLICATION, DISTRIBUTION, ETC. (IMPRINT)
Place of publication, distribution, etc New Delhi
Name of publisher, distributor, etc Christian World Imprints
Date of publication, distribution, etc 2014
270 ## - ADDRESS
Address H-12 Bali Nagar
City New Delhi
Postal code 110015
300 ## - PHYSICAL DESCRIPTION
Extent xvi,192p.
Dimensions 23cm(Hb)
490 ## - SERIES STATEMENT
Series statement Christian heritage rediscovered-11
500 ## - GENERAL NOTE
General note Includes index
700 ## - ADDED ENTRY--PERSONAL NAME
Personal name Sahayaraj, L.
942 ## - ADDED ENTRY ELEMENTS (KOHA)
Source of classification or shelving scheme Dewey Decimal Classification
Item type English Books
Call number suffix MAR
Classification part 280
Holdings
Withdrawn status Lost status Not for loan Collection code Home library Current library Date acquired Source of acquisition Cost, normal purchase price Full call number Barcode Copy number Cost, replacement price Koha item type
    Not For Loan Non-fiction D.B.Act.Division D.B.Act.Division 16/07/2015 DBAD/PUB 590.00 280 MAR EN-97044 1 590.00 English Books

© Delhi Public Library
Hit Counter
free hit counter